LEADER 00924nam0 2200277 450 001 000028305 005 20110223080540.0 010 $a88-203-0050-8 100 $a20110223d1987----km-y0itaa50------ba 101 0 $aita 102 $aIT 200 1 $aAstronomia nautica$enavigazione astronomica$fFerdinando Flora 205 $a5. ed 210 $aMilano$c<> Hoepli$d1987 215 $aXVI, 519 p.$cill.$d24 cm. 606 1 $aAstronomia nautica 676 $a527$v(22. ed.)$9Navigazione astronomica 700 1$aFlora,$bFerdinando$028622 801 0$aIT$bUniversità della Basilicata - B.I.A.$gRICA$2unimarc 912 $a000028305 996 $aAstronomia nautica$995373 997 $aUNIBAS BAS $aSCIENZE CAT $aTTM$b30$c20110223$lBAS01$h0805 FMT Z30 -1$lBAS01$LBAS01$mBOOK$1BASA2$APolo Tecnico-Scientifico$2DID$BDidattica$3PTS.s4.p19.18$657065$5T57065$820110223$eXV, 529$f98$FConsultazione LEADER 01665nls 2200265z- 450 001 996382750303316 005 20210118075418.0 011 $a2532-764X 100 $a20180916c2017---- -u- - 101 0 $aeng 102 $aIT 110 0 $aaja 200 1 $aI-LanD Journal : Identity, Language & Diversity 207 0$a2017- 210 1 $aNapoli$cPaolo Loffredo Iniziative Editoriali Srl$d2017- 326 $aSemestrale 330 $aLa rivista ccoglie contributi originali di studiosi che, animati da un comune interesse per questioni relative a identità, lingua e diversità, esplorano nuovi percorsi critici e teorici con approfondimenti puntuali ed aggiornati. In quanto organo ufficiale del Centro interuniversitario di ricerca I-LanD, la rivista trae beneficio dalla caratteristica peculiare del Centro che fonde in un?unica struttura competenze e conoscenze interdisciplinari. Rappresenta, pertanto, lo strumento ideale per dare visibilità alla ricerca svolta in molteplici realtà accademiche a livello nazionale ed internazionale, con l?obiettivo di contribuire alla divulgazione, al consolidamento degli studi e all?avanzamento della riflessione scientifica sul rapporto tra lingua e identità etnica e culturale, lingua e identità sessuale e/o di genere, nonché su forme di variazione linguistica derivanti da contaminazioni/ibridazioni di generi, discorsi e tipologie testuali. 606 0 $aLinguaggio$xSociologia$xPeriodici$2BNCF 676 $a306.4405 801 $aIT$bcba$gREICAT 912 $a996382750303316 959 $aEJ 969 $aER 996 $aI-LanD Journal : Identity, Language & Diversity$91764197 997 $aUNISA LEADER 04728oam 2200517 450 001 9910825890703321 005 20200424100217.0 010 $a0-429-02936-5 010 $a0-429-64254-7 035 $a(CKB)4100000010858219 035 $a(MiAaPQ)EBC6152289 035 $a(OCoLC)1148876214 035 $a(OCoLC-P)1148876214 035 $a(FlBoTFG)9780429029363 035 $a(PPN)252680308 035 $a(EXLCZ)994100000010858219 100 $a20200323d2020 uy 0 101 0 $aeng 135 $aur||||||||||| 181 $ctxt$2rdacontent 182 $cc$2rdamedia 183 $acr$2rdacarrier 200 00$aDecolonising Europe? $epopular responses to the end of empire /$f[edited by] Berny Se?be and Matthew G. Stanard 210 1$aAbingdon, Oxon ;$aNew York, NY :$cRoutledge,$d2020. 215 $a1 online resource (299 pages) 225 1 $aEmpires and the making of the modern world, 1650-2000 311 $a0-367-13960-X 327 $aMaking sense of the end of empire : fluxes and flows in decolonising Europe? / Berny Se?be and Matthew G. Stanard -- Magna Carta and the end of empire / Amanda Behm -- The end of empire and the four nations / John M. MacKenzie -- Reverberations of decolonisation : British approaches to governance in post-colonial Africa and the rise of the 'strong men' / Christopher Prior -- The semantics of decolonisation : the public debate on the New Guinea question in the Netherlands, 1950-62 / Vincent Kuitenbrouwer -- Decolonisation and the press : a path to pluralism in Franco's Spain, ca. 1950-75 / Sasha D. Pack -- Afterlives of colonialism in the everyday : street names and the (un)making of imperial debris / Britta Schilling -- Passing the point of no return : Italy's regretted end of empire and the Mogadishu Massacre of 1948 / Giuseppe Finaldi -- Oases of imperial nostalgia : British and French Desert memories after empire / Berny Se?be -- Questioning Portugal's social cohesion, and preparing post-imperial memory : returned settlers (retornados) and Portuguese society, 1975-80 / Isabel dos Santos Lourenc?o and Alexander Keese -- Ephemera and the dynamics of colonial memory / Charles Forsdick -- Domestic museums of decolonisation? Objects, colonial officials, and the afterlives of empire in Britain / Chris Jeppesen and Sarah Longair -- Decongolizing Europe? African art and post-colony Belgium / Matthew G. Stanard -- Afterword. Diverging experiences of decolonisation / Wm. Roger Louis. 330 $a"Decolonising Europe? Popular Responses to the End of Empire offers a new paradigm to understand decolonisation in Europe by showing how it was fundamentally a fluid process of fluxes and refluxes involving not only transfers of populations, ideas and socio-cultural practices across continents but also complex intra-European dynamics at a time of political convergence following the Treaty of Rome. Decolonisation was neither a process of sudden, rapid changes to European cultures nor one of cultural inertia, but a development marked by fluidity, movement, and dynamism. Rather than being a static process where Europe's (former) metropoles and their peoples 'at home' reacted to the end of empire 'out there', decolonisation translated into new realities for Europe's cultures, societies, and politics as flows, ebbs, fluxes, and cultural refluxes reshaped both former colonies and former metropoles. The volume's contributors set out a carefully crafted panorama of decolonisation's sequels in European popular culture by means of in-depth studies of specific cases and media, analysing the interwoven meaning, momentum, memory, material culture, and migration patterns of the end of empire across eight major European countries. The revised meaning of 'decolonisation' that emerges will challenge scholars in several fields, and the panorama of new research in the book charts paths for new investigations. The question mark in the title asks not only how European cultures experienced the 'end of empire' but also the extent to which this is still a work in progress"--$cProvided by publisher. 410 0$aEmpires and the making of the modern world, 1650-2000. 606 $aCollective memory$zEurope 606 $aPostcolonialism$xSocial aspects 606 $aDecolonization$xHistory 607 $aEurope$xColonies$xSocial conditions$y20th century 615 0$aCollective memory 615 0$aPostcolonialism$xSocial aspects. 615 0$aDecolonization$xHistory. 676 $a325.3094 702 $aSe?be$b Berny 702 $aStanard$b Matthew G. 801 0$bOCoLC-P 801 1$bOCoLC-P 906 $aBOOK 912 $a9910825890703321 996 $aDecolonising Europe$94020465 997 $aUNINA